| 000 | 01119nam a2200265Ia 4500 | ||
|---|---|---|---|
| 999 |
_c5721 _d5721 |
||
| 003 | OSt | ||
| 005 | 20200618171836.0 | ||
| 008 | 191128s1970 sp gr 000 0dspa d | ||
| 040 |
_aCO-JMCR _cCO-JMCR |
||
| 041 |
_aspa _hfr |
||
| 082 | 0 | 4 |
_a330.15 / _bD395h _223 |
| 100 | 1 |
_aDenis, Henri, _eautor _95776 |
|
| 245 | 1 | 0 |
_aHistoria del pensamiento económico / _cpor, Henri Denis ; traducción de Nuria Bozzo Durán y Antonio Aponte |
| 260 |
_aEspaña : _bAriel, _c1970 |
||
| 300 |
_a615 páginas ; _c22 cm. |
||
| 505 | 0 | _aEl idealismo político y económico en la filosofía griega y su decadencia -- El nacimiento de la economía política y la afirmación de la doctrina liberal -- Los primeros constructores de doctrina socialista -- La economía política ante los efectos | |
| 534 | _pHistoire de la pensée économique | ||
| 546 | _aTraducido del francés | ||
| 650 | 1 | 4 |
_aPensamiento económico _95777 |
| 650 | 2 | 4 |
_aDoctrinas económicas _94597 |
| 650 | 2 | 4 |
_aHistoria económica _95778 |
| 700 | 1 |
_aBozzo Durán, Nuria, _etraductor _95779 |
|
| 700 | 1 |
_aAponte, Antonio, _etraductor _95780 |
|
| 942 |
_2ddc _cBK |
||